01013nam a2200229 a 450000100100000000500170001000800410002702000180006804000250008611000290011124501180014026000370025830000270029550400250032250000210034770000300036870000320039895201200043095201050055095201110065599900170076600004407820250207073535.0130730s2013 dr a 000 0 spa d a9789945877960 aDO-SdBNPbspacBNPHU2 aINFOTEP (Agencia)97864410aMetodología para elaboración de guías de autoformación /celaboración Johnny Cruz, Cristobalina Medina. aSanto Domingo :bINFOTEP,c2013. a52 p. :bil. ;c22 cm. aBibliografía p: 62 aIncluye glosario12aCruz, Johnnyeela.97207512aMedina, Cristobalina972076 001054708DSaGRbGRcCTd2014-05-15iLF1l0o p44078-30r2020-06-25te. 3w2020-06-25yLFDSZPréstamo en sala 0010718PDaPDbPDcHDd2014-05-15iLF1l0o p44078-10r2020-06-25w2020-06-25yLFPDZNo se presta 0010718PDaPDbPDcHDd2014-05-15iLF1l0o p44078-20r2020-06-25te. 2w2020-06-25yLFPDZNo se presta c43567d43567